Kartierung und Tiefenbohrung. Einstellungen zu sozialen Ungleichheiten und die Frage von ungleicher Macht: Mapping and elaborating. Attitudes towards social inequalities and the problem of unequal power

In der anhaltenden Diskussion über soziale Ungleichheit, Konflikte und politische Radikalisierung nehmen die Triggerpunkte (2023) von Steffen Mau, Thomas Lux und Linus Westheuser eine zentrale Stellung ein. Im Mittelpunkt der Untersuchung stehen Einstellungen der Bevölkerung zu Ungleichheiten in vie...

Descripción completa

Guardado en:  
Detalles Bibliográficos
Autor principal: Hopf, Wulf 1944- (Autor)
Tipo de documento: Electrónico Artículo
Lenguaje:Alemán
Publicado: 2025
En: Berliner Journal für Soziologie
Año: 2025, Volumen: 35, Número: 2, Páginas: 295-314
Acceso en línea: Volltext (kostenfrei)
Verificar disponibilidad: HBZ Gateway
Palabras clave:

MARC

LEADER 00000naa a22000002c 4500
001 1938562194
003 DE-627
005 20251016142027.0
007 cr uuu---uuuuu
008 251016s2025 xx |||||o 00| ||ger c
024 7 |a 10.1007/s11609-025-00563-6  |2 doi 
035 |a (DE-627)1938562194 
035 |a (DE-599)KXP1938562194 
040 |a DE-627  |b ger  |c DE-627  |e rda 
041 |a ger 
084 |a 2,1  |2 ssgn 
100 1 |a Hopf, Wulf  |d 1944-  |e VerfasserIn  |0 (DE-588)115449299  |0 (DE-627)077258754  |0 (DE-576)161483046  |4 aut 
109 |a Hopf, Wulf 1944- 
245 1 0 |a Kartierung und Tiefenbohrung. Einstellungen zu sozialen Ungleichheiten und die Frage von ungleicher Macht: Mapping and elaborating. Attitudes towards social inequalities and the problem of unequal power 
264 1 |c 2025 
336 |a Text  |b txt  |2 rdacontent 
337 |a Computermedien  |b c  |2 rdamedia 
338 |a Online-Ressource  |b cr  |2 rdacarrier 
520 |a In der anhaltenden Diskussion über soziale Ungleichheit, Konflikte und politische Radikalisierung nehmen die Triggerpunkte (2023) von Steffen Mau, Thomas Lux und Linus Westheuser eine zentrale Stellung ein. Im Mittelpunkt der Untersuchung stehen Einstellungen der Bevölkerung zu Ungleichheiten in vier "Arenen" der Auseinandersetzung (ökonomische Ressourcen, alltägliche Lebensweise, nationale Zugehörigkeit/Migration, Ökologie). Der Meinungsraum der Bevölkerung stellt sich insgesamt als erstaunlich konsensuell, an Gleichheit orientiert und nur an den Rändern radikalisiert dar. Eine Polarisierung der Öffentlichkeit nach wenigen Großgruppen ist nicht zu finden. Ein wesentlicher Erkenntnisgewinn der Studie ergibt sich daraus, dass die Stellung der Befragten in der Klassenstruktur (nach Daniel Oesch) und ihre Parteizugehörigkeit als Verstärker politischer Einstellungen berücksichtigt werden. Systematisch unterbelichtet dagegen bleiben Ungleichheiten von Macht und Herrschaft. Das politische System als eigenständige "Arena" von Konflikten fehlt gänzlich; die Klassenstruktur wird deskriptiv verwendet und nicht als Ausdruck von gesellschaftlichen Herrschaftsbeziehungen begriffen. Der "implizite Gesellschaftsvertrag", der im qualitativen Teil der Untersuchung herausgearbeitet wird, erscheint als ein Vertrag unter Gleichen, aber nicht zwischen Machteliten und Bevölkerung. 
520 |a In the ongoing debate on social inequality, conflicts, and political radicalization, the book Triggerpunkte (2023) by Steffen Mau, Thomas Lux and Linus Westheuser occupies a central position. The study focuses on attitudes towards inequality in four "arenas" of conflict (economic resources, everyday lifestyle, national affiliation/migration, ecology). Overall, the "opinion space" of the German population appears surprisingly consensual, oriented towards equality and only radicalized at the margins. There is no observable polarization of the public into few major groups. By taking into account the position of the respondents in the class structure (following Daniel Oesch) as well as their party affiliation as amplifiers of political attitudes, the study presents a significant gain in knowledge. However, inequalities of power and domination remain systematically under-thematized. The political system is not addressed as an independent "arena" of conflict itself; class structure is used descriptively, instead of being understood as an expression of social relations of domination. The "implicit social contract", which is elaborated in the qualitative part of the study, appears as a contract between equals, but not between elites and the people. 
650 4 |a Attitude research 
650 4 |a Domination 
650 4 |a Einstellungsanalyse 
650 4 |a Gesellschaftliche Spaltung 
650 4 |a Herrschaft 
650 4 |a Inequality 
650 4 |a Macht 
650 4 |a Polarisierung 
650 4 |a Polarization 
650 4 |a Power 
650 4 |a Social Conflict 
650 4 |a Social division 
650 4 |a Soziale Konflikte 
650 4 |a Soziale Ungleichheit 
773 0 8 |i Enthalten in  |t Berliner Journal für Soziologie  |d Wiesbaden : Springer VS, 1991  |g 35(2025), 2, Seite 295-314  |h Online-Ressource  |w (DE-627)345575253  |w (DE-600)2075812-1  |w (DE-576)26681946X  |x 1862-2593  |7 nnas 
773 1 8 |g volume:35  |g year:2025  |g number:2  |g pages:295-314 
856 |u https://link.springer.com/content/pdf/10.1007/s11609-025-00563-6.pdf  |x unpaywall  |z Vermutlich kostenfreier Zugang  |h publisher [deprecated] 
856 4 0 |u https://doi.org/10.1007/s11609-025-00563-6  |x Resolving-System  |z kostenfrei  |3 Volltext  |7 0 
951 |a AR 
ELC |a 1 
LOK |0 000 xxxxxcx a22 zn 4500 
LOK |0 001 4788660474 
LOK |0 003 DE-627 
LOK |0 004 1938562194 
LOK |0 005 20251016142027 
LOK |0 008 251016||||||||||||||||ger||||||| 
LOK |0 040   |a DE-21-110  |c DE-627  |d DE-21-110 
LOK |0 092   |o n 
LOK |0 852   |a DE-21-110 
LOK |0 852 1  |9 00 
LOK |0 935   |a krzo 
LOK |0 939   |a 16-10-25  |b l01 
OAS |a 1 
ORI |a SA-MARC-krimdoka001.raw